000 00627nam a2200241Ia 4500
003 OSt
005 20220924144438.0
006 a|||||r|||| 00| 0
007 ta
008 220923b |||||||| |||| 00| 0 urd d
020 _c200.00
024 _a314484
037 _cTextual
040 _aARTS
_cARTS
_burd
041 _2urd
_aurd
082 _aO168,1N269:g, P4
100 _aAhmad Shaikh Aquil
_9217637
245 0 _aMughisuddin Faridi aur Qatat-e-Tareekh
260 _c2004
650 _aURDU POETRY
942 _hO168,1N269:g, P4
_cTEXL
_2CC
999 _c457075
_d457075